Animal Verbs Quiz Stats

 Plays Quiz Updated Sep 1, 2014

Support Sporcle.
Go Orange.
Score 0/32 Timer 04:00
0 Plays Today
Hint (Y) for Yes; (N) for No % Correct
RAM???
94.5%
SWALLOW???
94.5%
DUCK???
94.1%
HOUND???
92.8%
WEASEL???
88.9%
MOTH???
87.7%
ROBIN???
87.5%
BOBCAT???
86.5%
DOE???
84.9%
SNAKE???
84.9%
SEAL???
84.3%
KANGAROO???
84.2%
OWL???
83.9%
SPARROW???
81.9%
APE???
79.6%
HAWK???
78.7%
Hint (Y) for Yes; (N) for No % Correct
CHICK???
78.1%
BASS???
77.6%
GOOSE???
77.4%
COCK???
72.5%
GROUSE???
70%
CRAB???
68.1%
FINCH???
65.3%
BULL???
64.2%
LARK???
63.3%
FOX???
62.2%
SLOTH???
57.9%
SWIFT???
57.8%
PIGEON???
57.4%
MOLE???
52.4%
THRUSH???
49.4%
BEAVER???
29.9%

You're not logged in!

Compare scores with friends on all Sporcle quizzes.
OR
Log In

From the Vault

1950s Blitz

by Hejman

We just assume living in the 1950s was exactly like eating at Johnny Rockets for 10 straight years.
Remove Ads.
Support Sporcle.
Get the best of Sporcle when you Go Orange. This ad-free experience offers more features, more stats, and more fun while also helping to support Sporcle. Thank you for becoming a member.

Show Comments

Extras

Top Quizzes Today


Score Distribution

Your Account Isn't Verified!

In order to create a playlist on Sporcle, you need to verify the email address you used during registration. Go to your Sporcle Settings to finish the process.

Report this User

Report this user for behavior that violates our Community Guidelines.

Details: